00849nam a2200253 i 4500001000700000003000900007005001700016008004100033020001800074021000700092035002200099040001300121041000800134043000800142100001700150245018500167260005800352300001800410440006200428610003600490650002900526700001900555700002100574103733ES-MaBCM20241016135852.0041216s1978 bel 000 0 fre d a2-8027-0217-3 axx a(OCoLC)1365266891 cES-MaBCM0 afre abel1 aAyberk, Ural10aLe mécanisme de la prise des décisions communautaires en matière de relations internationalescpar Ural Ayberk ; avant-propos de Daniel Vignes et préface de Dusan Sidjanski aBruxelles :bÉtablissements Émile Bruylant,c1978 a380 p.c24 cm 0aOrganisation internationales et relations internationales27aComunidad Económica Europea227aRelación internacional1 aVignes, Daniel1 aSidjanski, Dusan